| Поле | Название | Значение |
| |
Тип записи |
a |
| |
Библиографический уровень |
m |
| 001 |
Контрольный номер |
RU/URAIT/561300 |
| 005 |
Дата корректировки |
20260429163659.2 |
| 008 |
Кодируемые данные |
260429s2025 RU y f j 000 0 rus u |
| 020 |
Индекс ISBN |
__ |
| a |
ISBN |
978-5-534-18108-1 |
| c |
Цена, тираж |
1049.00 |
| 040 |
Источник каталогиз. |
__ |
| a |
Служба первич. каталог. |
ИКО Юрайт |
| c |
Служба, преобразующая запись |
ИКО Юрайт |
| e |
Правила каталог. |
RCR |
| 041 |
Код языка издания |
__ |
| a |
Код языка текста |
rus |
| 044 |
Код страны публикации |
__ |
| a |
Код страны публикации |
RU |
| 080 |
Индекс УДК |
__ |
| a |
Индекс УДК |
658.26:621.31(075.8) |
| 084 |
Индекс другой классификации/Индекс ББК |
__ |
| 2 |
Источник индекса |
rubbk |
| a |
Индекс другой классификации/Индекс ББК |
31.19я73 |
| 100 |
Автор |
__ |
| a |
Автор |
Климова Г. Н. |
| q |
Полное имя |
Климова Галина Николаевна |
| 245 |
Заглавие |
__ |
| a |
Заглавие |
Электроэнергетические системы и сети. Энергосбережение |
| b |
Продолж. заглавия |
учебник для вузов |
| c |
Ответственность |
Г. Н. Климова. |
| 250 |
Сведения об издании |
__ |
| g |
|
пер. и доп |
| a |
Основные сведения об издании |
3-е изд. |
| 256 |
Характеристики компьютерного файла |
__ |
| a |
Характеристики компьютерного файла |
Электрон. дан. |
| 260 |
Выходные данные |
__ |
| a |
Место издания |
Москва |
| b |
Издательство |
Юрайт |
| c |
Дата издания |
2025 |
| 300 |
Физическое описание |
__ |
| a |
Объем |
177 с |
| 440 |
Серия |
__ |
| a |
Серия |
Высшее образование |
| 500 |
Примечания |
__ |
| a |
Примечание |
URL: https://urait.ru/bcode/561300 (дата обращения: 29.04.2026). |
| 520 |
Аннотация |
__ |
| a |
Аннотация |
В учебном пособии описаны структура нормативно-правовой базы энергосбережения, основные направления энергосберегающей политики государства, основы функционирования оптового и розничных рынков электрической энергии, принципы рационального использования энергетических ресурсов в системах электроснабжения промышленных предприятий, организации коммерческого учета электрической энергии на промышленных предприятиях в сетях напряжением до 1000 В и выше. |
| 538 |
Прим. о системных особенностях |
__ |
| a |
Прим. о системных особенностях |
Режим доступа: Электронно-библиотечная система Юрайт, для авториз. пользователей |
| 653 |
Ключевые слова |
__ |
| a |
Ключевые слова |
Энергетика |
| 653 |
Ключевые слова |
__ |
| a |
Ключевые слова |
Технические науки |
| 653 |
Ключевые слова |
__ |
| a |
Ключевые слова |
Электроэнергетические системы и сети |
| 653 |
Ключевые слова |
__ |
| a |
Ключевые слова |
Энергосбережение в теплоэнергетике и теплотехнологиях |
| 653 |
Ключевые слова |
__ |
| a |
Ключевые слова |
Энергосбережение в энергетике |
| 653 |
Ключевые слова |
__ |
| a |
Ключевые слова |
Энергосберегающие технологии |
| 653 |
Ключевые слова |
__ |
| a |
Ключевые слова |
Энергосбережение |
| 653 |
Ключевые слова |
__ |
| a |
Ключевые слова |
Основы энергоаудита и энергосбережение |
| 653 |
Ключевые слова |
__ |
| a |
Ключевые слова |
Энергоаудит промышленных предприятий |
| 653 |
Ключевые слова |
__ |
| a |
Ключевые слова |
Энергосберегающие технологии в энергетике |
| 653 |
Ключевые слова |
__ |
| a |
Ключевые слова |
Энергосбережение и аудит систем электроснабжения |
| 653 |
Ключевые слова |
__ |
| a |
Ключевые слова |
Энергосбережение в системах электроснабжения |
| 653 |
Ключевые слова |
__ |
| a |
Ключевые слова |
Энергосберегающие проекты на тепловых электрических станциях |
| 653 |
Ключевые слова |
__ |
| a |
Ключевые слова |
Энергосбережение в теплоэнергетике |
| 653 |
Ключевые слова |
__ |
| a |
Ключевые слова |
Эксплуатация и энергосбережение в системах электроснабжения |
| 653 |
Ключевые слова |
__ |
| a |
Ключевые слова |
Энергосбережение в строительстве |
| 653 |
Ключевые слова |
__ |
| a |
Ключевые слова |
Методы и средства энергосбережения |
| 653 |
Ключевые слова |
__ |
| a |
Ключевые слова |
Методы и средства энергосбережения в буровых и транспортных установках |
| 653 |
Ключевые слова |
__ |
| a |
Ключевые слова |
Приборное обеспечение энергоаудита |
| 653 |
Ключевые слова |
__ |
| a |
Ключевые слова |
Энергоаудит на промышленных предприятиях |
| 653 |
Ключевые слова |
__ |
| a |
Ключевые слова |
Энергоаудит СЭС |
| 653 |
Ключевые слова |
__ |
| a |
Ключевые слова |
Энергосберегающие технологии электроснабжения |
| 653 |
Ключевые слова |
__ |
| a |
Ключевые слова |
Энергосберегающие электротехнологии |
| 653 |
Ключевые слова |
__ |
| a |
Ключевые слова |
Энергосбережение в электроэнергетике |
| 653 |
Ключевые слова |
__ |
| a |
Ключевые слова |
Энергосбережение в ЭЭС |
| 653 |
Ключевые слова |
__ |
| a |
Ключевые слова |
Энергоэффективность и энергосбережение |
| 653 |
Ключевые слова |
__ |
| a |
Ключевые слова |
Энергосбережение в электротехнических комплексах |
| 653 |
Ключевые слова |
__ |
| a |
Ключевые слова |
Энергосбережение и качество электрической энергии |
| 653 |
Ключевые слова |
__ |
| a |
Ключевые слова |
Энергоэффективность и энергосбережение в теплоэнергетике |
| 653 |
Ключевые слова |
__ |
| a |
Ключевые слова |
Методика проведения энергетического обследования |
| 653 |
Ключевые слова |
__ |
| a |
Ключевые слова |
Энергосбережение в электроэнергетических комплексах |
| 653 |
Ключевые слова |
__ |
| a |
Ключевые слова |
Основы энергосбережения |
| 653 |
Ключевые слова |
__ |
| a |
Ключевые слова |
Энергосбережение и энергоэффективность |
| 653 |
Ключевые слова |
__ |
| a |
Ключевые слова |
Менеджмент энергосбережения |
| 653 |
Ключевые слова |
__ |
| a |
Ключевые слова |
Методы энергетических обследований |
| 653 |
Ключевые слова |
__ |
| a |
Ключевые слова |
Электроснабжение и энергосбережение на предприятии |
| 653 |
Ключевые слова |
__ |
| a |
Ключевые слова |
Электроэнергетические сети и системы |
| 653 |
Ключевые слова |
__ |
| a |
Ключевые слова |
Энергоаудит предприятия |
| 653 |
Ключевые слова |
__ |
| a |
Ключевые слова |
Энергетические обследования предприятий и организаций |
| 653 |
Ключевые слова |
__ |
| a |
Ключевые слова |
Энергоэффективность в электроэнергетике и электротехнологии |
| 653 |
Ключевые слова |
__ |
| a |
Ключевые слова |
Энергосбережение в бюджетной сфере и ЖКХ |
| 653 |
Ключевые слова |
__ |
| a |
Ключевые слова |
Методика проведения энергоаудита предприятий |
| 653 |
Ключевые слова |
__ |
| a |
Ключевые слова |
Методология проведения энергетических обследований промышленных предприятий |
| 653 |
Ключевые слова |
__ |
| a |
Ключевые слова |
Энергосбережение в бюджетной сфере и жилищно-коммунальном хозяйстве |
| 653 |
Ключевые слова |
__ |
| a |
Ключевые слова |
Энергетическая эффективность коммерческих и промышленных предприятий |
| 653 |
Ключевые слова |
__ |
| a |
Ключевые слова |
Энергоаудит и энергетическое обследование |
| 653 |
Ключевые слова |
__ |
| a |
Ключевые слова |
Энергосбережение в электрических системах |
| 653 |
Ключевые слова |
__ |
| a |
Ключевые слова |
Энергосбережение. Общие вопросы |
| 653 |
Ключевые слова |
__ |
| a |
Ключевые слова |
Энергосбережение в электрических сетях |
| 653 |
Ключевые слова |
__ |
| a |
Ключевые слова |
Энергосбережение в электрических сетях энергосистемы |
| 653 |
Ключевые слова |
__ |
| a |
Ключевые слова |
Энергосберегающие технологии в электромеханике |
| 653 |
Ключевые слова |
__ |
| a |
Ключевые слова |
Энергосбережение в электротехнологии |
| 653 |
Ключевые слова |
__ |
| a |
Ключевые слова |
Энергосбережение и энергоэффективность средствами управления объектами электроэнергетики |
| 653 |
Ключевые слова |
__ |
| a |
Ключевые слова |
Энергоэффективность и энергосбережение в электрических сетях |
| 653 |
Ключевые слова |
__ |
| a |
Ключевые слова |
Энергоаудит промышленных предприятий и гражданских объектов |
| 653 |
Ключевые слова |
__ |
| a |
Ключевые слова |
Энергетическое обследование и энергоаудит |
| 653 |
Ключевые слова |
__ |
| a |
Ключевые слова |
Энергосберегающее управление электротехническими комплексами |
| 653 |
Ключевые слова |
__ |
| a |
Ключевые слова |
Энергосберегающие технологии в электроэнергетике |
| 653 |
Ключевые слова |
__ |
| a |
Ключевые слова |
Энергосбережение при управлении режимами работы в электроэнергетических системах |
| 653 |
Ключевые слова |
__ |
| a |
Ключевые слова |
Энергосберегающие технологии в электроэнергетике и автоматизации |
| 653 |
Ключевые слова |
__ |
| a |
Ключевые слова |
Энергосбережение в автоматизированных технологических комплексах |
| 653 |
Ключевые слова |
__ |
| a |
Ключевые слова |
Энергосбережение в современных производствах |
| 653 |
Ключевые слова |
__ |
| a |
Ключевые слова |
Нормативно-правовая база энергосбережения |
| 653 |
Ключевые слова |
__ |
| a |
Ключевые слова |
Планирование и проведение энергетических обследований |
| 653 |
Ключевые слова |
__ |
| a |
Ключевые слова |
Энергоаудит на промышленном предприятии |
| 856 |
Электронный адрес документа |
40 |
| n |
Местонахождение сервера |
Юрайт |
| g |
|
Электронная книга |
| q |
Тип электронного формата |
html |
| h |
Имя пользователя |
ЮРАЙТ |
| v |
Часы доступа к ресурсу |
20271231 |
| 2 |
Способ доступа |
Показать документ |
| x |
Служебное примечание |
https://urait.ru/book/cover/CAB95B42-ED7B-4E1D-8641-C5473B421FAA |
| u |
URL |
https://urait.ru/bcode/561300 |
| 856 |
Электронный адрес документа |
48 |
| q |
Тип электронного формата |
cover |
| u |
URL |
https://urait.ru/book/cover/CAB95B42-ED7B-4E1D-8641-C5473B421FAA |
| 911 |
|
__ |
| u |
|
0030=https://urait.ru/bcode/561300 |
| 911 |
|
__ |
| u |
|
073a=9785534181081 |
| u |
|
073d=1049.00 |
| 911 |
|
__ |
| u |
|
106a=s |
| 911 |
|
__ |
| u |
|
900l= |
| 952 |
Тип литературы |
__ |
| i |
Дисциплина |
Электроэнергетические системы и сети |
| 952 |
Тип литературы |
__ |
| i |
Дисциплина |
Энергосбережение в теплоэнергетике и теплотехнологиях |
| 952 |
Тип литературы |
__ |
| i |
Дисциплина |
Энергосбережение в энергетике |
| 952 |
Тип литературы |
__ |
| i |
Дисциплина |
Энергосберегающие технологии |
| 952 |
Тип литературы |
__ |
| i |
Дисциплина |
Энергосбережение |
| 952 |
Тип литературы |
__ |
| i |
Дисциплина |
Основы энергоаудита и энергосбережение |
| 952 |
Тип литературы |
__ |
| i |
Дисциплина |
Энергоаудит промышленных предприятий |
| 952 |
Тип литературы |
__ |
| i |
Дисциплина |
Энергосберегающие технологии в энергетике |
| 952 |
Тип литературы |
__ |
| i |
Дисциплина |
Энергосбережение и аудит систем электроснабжения |
| 952 |
Тип литературы |
__ |
| i |
Дисциплина |
Энергосбережение в системах электроснабжения |
| 952 |
Тип литературы |
__ |
| i |
Дисциплина |
Энергосберегающие проекты на тепловых электрических станциях |
| 952 |
Тип литературы |
__ |
| i |
Дисциплина |
Энергосбережение в теплоэнергетике |
| 952 |
Тип литературы |
__ |
| i |
Дисциплина |
Эксплуатация и энергосбережение в системах электроснабжения |
| 952 |
Тип литературы |
__ |
| i |
Дисциплина |
Энергосбережение в строительстве |
| 952 |
Тип литературы |
__ |
| i |
Дисциплина |
Методы и средства энергосбережения |
| 952 |
Тип литературы |
__ |
| i |
Дисциплина |
Методы и средства энергосбережения в буровых и транспортных установках |
| 952 |
Тип литературы |
__ |
| i |
Дисциплина |
Приборное обеспечение энергоаудита |
| 952 |
Тип литературы |
__ |
| i |
Дисциплина |
Энергоаудит на промышленных предприятиях |
| 952 |
Тип литературы |
__ |
| i |
Дисциплина |
Энергоаудит СЭС |
| 952 |
Тип литературы |
__ |
| i |
Дисциплина |
Энергосберегающие технологии электроснабжения |
| 952 |
Тип литературы |
__ |
| i |
Дисциплина |
Энергосберегающие электротехнологии |
| 952 |
Тип литературы |
__ |
| i |
Дисциплина |
Энергосбережение в электроэнергетике |
| 952 |
Тип литературы |
__ |
| i |
Дисциплина |
Энергосбережение в ЭЭС |
| 952 |
Тип литературы |
__ |
| i |
Дисциплина |
Энергоэффективность и энергосбережение |
| 952 |
Тип литературы |
__ |
| i |
Дисциплина |
Энергосбережение в электротехнических комплексах |
| 952 |
Тип литературы |
__ |
| i |
Дисциплина |
Энергосбережение и качество электрической энергии |
| 952 |
Тип литературы |
__ |
| i |
Дисциплина |
Энергоэффективность и энергосбережение в теплоэнергетике |
| 952 |
Тип литературы |
__ |
| i |
Дисциплина |
Методика проведения энергетического обследования |
| 952 |
Тип литературы |
__ |
| i |
Дисциплина |
Энергосбережение в электроэнергетических комплексах |
| 952 |
Тип литературы |
__ |
| i |
Дисциплина |
Основы энергосбережения |
| 952 |
Тип литературы |
__ |
| i |
Дисциплина |
Энергосбережение и энергоэффективность |
| 952 |
Тип литературы |
__ |
| i |
Дисциплина |
Менеджмент энергосбережения |
| 952 |
Тип литературы |
__ |
| i |
Дисциплина |
Методы энергетических обследований |
| 952 |
Тип литературы |
__ |
| i |
Дисциплина |
Электроснабжение и энергосбережение на предприятии |
| 952 |
Тип литературы |
__ |
| i |
Дисциплина |
Электроэнергетические сети и системы |
| 952 |
Тип литературы |
__ |
| i |
Дисциплина |
Энергоаудит предприятия |
| 952 |
Тип литературы |
__ |
| i |
Дисциплина |
Энергетические обследования предприятий и организаций |
| 952 |
Тип литературы |
__ |
| i |
Дисциплина |
Энергоэффективность в электроэнергетике и электротехнологии |
| 952 |
Тип литературы |
__ |
| i |
Дисциплина |
Энергосбережение в бюджетной сфере и ЖКХ |
| 952 |
Тип литературы |
__ |
| i |
Дисциплина |
Методика проведения энергоаудита предприятий |
| 952 |
Тип литературы |
__ |
| i |
Дисциплина |
Методология проведения энергетических обследований промышленных предприятий |
| 952 |
Тип литературы |
__ |
| i |
Дисциплина |
Энергосбережение в бюджетной сфере и жилищно-коммунальном хозяйстве |
| 952 |
Тип литературы |
__ |
| i |
Дисциплина |
Энергетическая эффективность коммерческих и промышленных предприятий |
| 952 |
Тип литературы |
__ |
| i |
Дисциплина |
Энергоаудит и энергетическое обследование |
| 952 |
Тип литературы |
__ |
| i |
Дисциплина |
Энергосбережение в электрических системах |
| 952 |
Тип литературы |
__ |
| i |
Дисциплина |
Энергосбережение. Общие вопросы |
| 952 |
Тип литературы |
__ |
| i |
Дисциплина |
Энергосбережение в электрических сетях |
| 952 |
Тип литературы |
__ |
| i |
Дисциплина |
Энергосбережение в электрических сетях энергосистемы |
| 952 |
Тип литературы |
__ |
| i |
Дисциплина |
Энергосберегающие технологии в электромеханике |
| 952 |
Тип литературы |
__ |
| i |
Дисциплина |
Энергосбережение в электротехнологии |
| 952 |
Тип литературы |
__ |
| i |
Дисциплина |
Энергосбережение и энергоэффективность средствами управления объектами электроэнергетики |
| 952 |
Тип литературы |
__ |
| i |
Дисциплина |
Энергоэффективность и энергосбережение в электрических сетях |
| 952 |
Тип литературы |
__ |
| i |
Дисциплина |
Энергоаудит промышленных предприятий и гражданских объектов |
| 952 |
Тип литературы |
__ |
| i |
Дисциплина |
Энергетическое обследование и энергоаудит |
| 952 |
Тип литературы |
__ |
| i |
Дисциплина |
Энергосберегающее управление электротехническими комплексами |
| 952 |
Тип литературы |
__ |
| i |
Дисциплина |
Энергосберегающие технологии в электроэнергетике |
| 952 |
Тип литературы |
__ |
| i |
Дисциплина |
Энергосбережение при управлении режимами работы в электроэнергетических системах |
| 952 |
Тип литературы |
__ |
| i |
Дисциплина |
Энергосберегающие технологии в электроэнергетике и автоматизации |
| 952 |
Тип литературы |
__ |
| i |
Дисциплина |
Энергосбережение в автоматизированных технологических комплексах |
| 952 |
Тип литературы |
__ |
| i |
Дисциплина |
Энергосбережение в современных производствах |
| 952 |
Тип литературы |
__ |
| i |
Дисциплина |
Нормативно-правовая база энергосбережения |
| 952 |
Тип литературы |
__ |
| i |
Дисциплина |
Планирование и проведение энергетических обследований |
| 952 |
Тип литературы |
__ |
| i |
Дисциплина |
Энергоаудит на промышленном предприятии |